| 000 | 00551nam a22001817a 4500 | ||
|---|---|---|---|
| 005 | 20251108170840.0 | ||
| 008 | 250721s1989 xx 000 0 ara d | ||
| 082 | 1 | 4 | _a218.61/ايا |
| 100 | 1 | _aالعيطانية، أيات سلمان رشدي | |
| 245 | 1 | 0 | _aالظاهرة والإبعاد / |
| 264 | 1 |
_aعمان : _bدار اللواء للصحافة والنشر، _c1989. |
|
| 300 | _a163ص | ||
| 650 | 1 | 7 | _aالسيرة النبوية |
| 650 | 1 | 7 | _aالإسلام |
| 650 | 1 | 7 | _aدفع المطاعن |
| 942 |
_2ddc _cBK |
||
| 999 |
_c50443 _d50443 |
||